Central Library OPAC University of Rajshahi

অসাম্প্রদায়িক চেতনা ও জাতি গঠনে বঙ্গবন্ধু / (Record no. 79040)

MARC details
000 -LEADER
fixed length control field 00997nam a2200229 a 4500
001 - CONTROL NUMBER
control field 79040
003 - CONTROL NUMBER IDENTIFIER
rucl marc code BD-RjUL
005 - DATE AND TIME OF LATEST TRANSACTION
control field 20211220163935.0
008 - FIXED-LENGTH DATA ELEMENTS--GENERAL INFORMATION
fixed length control field 211220s2020 bg ||||| |||| 00| 0 ben d
020 ## - INTERNATIONAL STANDARD BOOK NUMBER
International Standard Book Number 9789849281702
Terms of availability : Tk. 500.00
035 ## - SYSTEM CONTROL NUMBER
System control number (BD-RjUL)79040
040 ## - CATALOGING SOURCE
Original cataloging agency BD-RjUL
Language of cataloging eng
Transcribing agency BD-RjUL
041 ## - LANGUAGE CODE
Language code of text/sound track or separate title ben
082 ## - DEWEY DECIMAL CLASSIFICATION NUMBER
Edition number 23
Classification number 954.9205092
Author mark and year ASA 2020
245 ## - TITLE STATEMENT
Title অসাম্প্রদায়িক চেতনা ও জাতি গঠনে বঙ্গবন্ধু /
Statement of responsibility, etc. জি এম তারিকুল ইসলাম সম্পাদিত
260 ## - PUBLICATION, DISTRIBUTION, ETC. (IMPRINT)
Place of publication, distribution, etc. ঢাকা :
Name of publisher, distributor, etc. গ্রন্থাকুটির,
Date of publication, distribution, etc. ২০২০
300 ## - PHYSICAL DESCRIPTION
Pagination ১৫৯ পৃ.:
Illustrations চিত্রসমূহ ;
Size ২৪ সেমি.
600 ## - SUBJECT ADDED ENTRY--PERSONAL NAME
Personal name মুজিবুর রহমান,
Titles and other words associated with a name শেখ,
Dates associated with a name ১৯২০-১৯৭৫
Personal name Mujibur Rahman,
Titles and other words associated with a name Sheikh,
Dates associated with a name 1920-1975
700 ## - ADDED ENTRY--PERSONAL NAME
Personal name ইসলাম, জি এম তারিকুল
942 ## - ADDED ENTRY ELEMENTS (KOHA)
Source of classification or shelving scheme Dewey Decimal Classification
Koha item type Books
Holdings
Lost status Source of classification or shelving scheme Damaged status Not for loan Collection code Permanent Location Current Location Shelving location Date acquired Source of acquisition Cost, normal purchase price Total Checkouts Full call number Date last seen Copy number Koha item type
  Dewey Decimal Classification   Not For Loan Non-fiction Central Library, University of Rajshahi Central Library, University of Rajshahi Bangabandhu Corner Section 12/12/2021 Rajshahi News Home 375.00   B 954.9205092 ASA 2020 20/12/2021 C-1 Books
  Dewey Decimal Classification     Non-fiction Central Library, University of Rajshahi Central Library, University of Rajshahi General Stacks 12/12/2021 Rajshahi News Home 375.00   B 954.9205092 ASA 2020 20/12/2021 C-2 Books